000 00341nam a2200133Ia 4500
008 220204s9999 xx 000 0 und d
082 _a631/635
_bADV.81
100 _aSparks, Donald L
245 0 _aAdvances in agronomy V.81
260 _aAmsterdam
_bAcademic Press
_c2004
650 _aGlobal impact
650 _aSoil erosion
942 _cBK
999 _c42263
_d42263